ბათუმის შოთა რუსთაველის სახელმწიფო უნივერსიტეტის ბიბლიოთეკა

სამშენებლო საქმის საფუძვლები : (ბიბ.ჩანაწერი № 39605)

000 -ლიდერი
ფიქსირებული სიგრძის საკონტროლო ველი 01066nam a2200241Ia 4500
001 - საკონტროლო ნომერი
საკონტროლო ველი 6205
003 - საკონტროლო ნომრის იდენტიფიკატორი
საკონტროლო ველი GE_BSU
005 - ბოლო ოპერაციის თარიღი და დრო
საკონტროლო ველი 20190505230758.0
008 - ფიქსირებული სიგრძის მონაცემთა ელემენტები - ზოგადი ინფორმაცია
ფიქსირებული სიგრძის საკონტროლო ველი 181216s1973||||ge |||||||||||||| ||geo||
040 ## - კატალოგიზაციის წყარო
Transcribing agency GE_BSU
041 ## - ენის კოდი
Language code of text/sound track or separate title geo
080 ## - უნივერსალური ათობითი კლასიფიკაციის ინდექსი
Universal Decimal Classification number 69(075.8) დ-63
100 ## - მთავარი ჩანაწერი - პიროვნების სახელი
Personal name დობორჯგინიძე, შ.
9 (RLIN) 719
245 ## - ცნობა სათაურის შესახებ
Title სამშენებლო საქმის საფუძვლები :
Remainder of title სახელმძღვ. /
Statement of responsibility, etc შ. დობორჯგინიძე, ნ. თუხარელი ; რედ. პ. ლაბარტყავა.
260 ## - გამოქვეყნების, გავრცელების, და სხვა. ცნობები
Place of publication, distribution, etc თბ.
264 ## - წარმოების, გამოცემის, დისტრიბუციის და სხვა ცნობები
გამოცემის, წარმოების, დისტრიბუციის... ადგილი თბილისი :
გამოცემის, წარმოების, დისტრიბუციის... სახელწოდება განათლება,
გამოცემის, წარმოების, დისტრიბუციის... თარიღი 1973.
300 ## - ფიზიკური აღწერა
Extent 364 გვ. :
Other physical details ილ. ;
Dimensions 22 სმ.
504 ## - BIBLIOGRAPHY, ETC. NOTE
Bibliography, etc ბიბლიოგრ. : გვ.358-359.
653 ## - INDEX TERM--UNCONTROLLED
Uncontrolled term სამშენებლო საქმის საფუძვლები
700 ## - ADDED ENTRY--PERSONAL NAME
Personal name თუხარელი, ნ.
Relator term ავტორი
9 (RLIN) 303
700 ## - ADDED ENTRY--PERSONAL NAME
Personal name ლაბარტყავა. პ.
Relator term რედაქტორი
9 (RLIN) 523
942 ## - ADDED ENTRY ELEMENTS (KOHA)
Koha item type წიგნი
Source of classification or shelving scheme
ეგზემპლარები
ჩამოწერის სტატუსი დაკარგული ეგზემპლარის სტატუსი კლასიფიკაციის წყარო ან თაროზე გაწყობის სქემა დაზიანების სტატუსი არ გაიცემა მუდმივი მდებარეობა (დაცვის ადგილი) ამჟამინდელი ადგილსამყოფელი თაროზე განთავსების ადგილი შეძენის თარიღი ღირებულება, შესყიდვის ნორმალური ფასი სრული შენახვის შიფრი შტრიხკოდი ბოლო ოპერაციის თარიღი ეგზემპლარის მიმდევრობითი ნომერი (კეტერი?) ფასის ძალაში შესვლის თარიღი ეგზემპლარის სახეობა საჯარო შენიშვნა
          ტექნოლოგიური ფაკულტეტის ბიბლიოთეკა ტექნოლოგიური ფაკულტეტის ბიბლიოთეკა წიგნსაცავი 2018-12-17 2.16 69(075.8) დ-63 11695 2018-12-17 1165 2018-12-17 წიგნი 2.16 ლ.
          ტექნოლოგიური ფაკულტეტის ბიბლიოთეკა ტექნოლოგიური ფაკულტეტის ბიბლიოთეკა წიგნსაცავი 2018-12-17 2.16 69(075.8) დ-63 11696 2018-12-17 11696 2018-12-17 წიგნი 2.16 ლ.
          ტექნოლოგიური ფაკულტეტის ბიბლიოთეკა ტექნოლოგიური ფაკულტეტის ბიბლიოთეკა წიგნსაცავი 2018-12-17 2.16 69(075.8) დ-63 11697 2018-12-17 11697 2018-12-17 წიგნი 2.16 ლ.